| 000 | 00502nam a22001697a 4500 | ||
|---|---|---|---|
| 005 | 20251114113848.0 | ||
| 008 | 251110b |||||||| |||| 00| 0 eng d | ||
| 020 | _a979-8-88715-095-6 | ||
| 050 |
_aPN 4731 .T 36 2023 _b1 |
||
| 100 | _aTAPPING, LINDA | ||
| 245 | _aINTRODUCTION TO MASS COMMUNICATION AND JOURNALISM | ||
| 260 |
_aDUBLIN, _bORYSON PRESS, _c2023, |
||
| 300 | _aVI, 289P,ILL | ||
| 500 | _aINCLUDES INDEX | ||
| 650 | _a1. MASS MEDIA 2. JOURNALISM- STUDY AND TEACHING | ||
| 942 |
_2lcc _cBK |
||
| 999 |
_c216153 _d216153 |
||